Entrevistas / (Record no. 178794)

MARC details
000 -LEADER
campo de control de longitud fija 01137nam a2200289 i 4500
001 - NÚMERO DE CONTROL
campo de control 178794
003 - IDENTIFICADOR DE NÚMERO DE CONTROL
campo de control ES-MaACL
005 - FECHA Y HORA DE LA ÚLTIMA TRANSACCIÓN
campo de control 20240202145214.0
008 - DATOS DE LONGITUD FIJA--INFORMACIÓN GENERAL
campo de control de longitud fija 110629s2006 sp ao |||| |bspa d
020 ## - NÚMERO INTERNACIONAL ESTÁNDAR DEL LIBRO
Número Internacional Estándar del Libro 978-84-233-3880-1
080 ## - NÚMERO DE LA CLASIFICACIÓN DECIMAL UNIVERSAL
Número de la Clasificación Decimal Universal 929 Dalí, Salvador (047.53)
100 1# - ENTRADA PRINCIPAL--NOMBRE DE PERSONA
Nombre de persona Dalí, Salvador.
9 (RLIN) 42483
245 10 - MENCIÓN DEL TÍTULO
Título Entrevistas /
Mención de responsabilidad, etc. Salvador Dalí ; edición y prólogo de Francisco Calvo Serraller ; con la colaboración del Centro de Estudios Dalinianos.
250 ## - MENCION DE EDICION
Mención de edición 1ª ed.
260 ## - PUBLICACIÓN, DISTRIBUCIÓN, ETC.
Lugar de publicación, distribución, etc. Barcelona :
Nombre del editor, distribuidor, etc. Destino,
Fecha de publicación, distribución, etc. 2006.
300 ## - DESCRIPCIÓN FÍSICA
Extensión 1722 p. :
Otras características físicas il., fot. ;
Dimensiones 18 cm.
490 1# - MENCIÓN DE SERIE
Mención de serie Obra literaria completa ;
Designación de volumen o secuencia 7
594 ## - Nota al título y mención de responsabilidad
Nota al título y mención de responsabilidad En port.: Fundació Gala-Salvador Dalí. Sociedad Estatal de Conmemoraciones Culturales.
597 ## - NOTA DE DESCRIPCIÓN FÍSICA
NOTA DE DESCRIPCIÓN FÍSICA Guardado en estuche.
600 17 - PUNTO DE ACCESO ADICIONAL DE MATERIA--NOMBRE DE PERSONA
Nombre de persona Dalí, Salvador-
Subdivisión de forma Entrevistas.
9 (RLIN) 147281
700 ## - ENTRADA AGREGADA--NOMBRE PERSONAL
Nombre de persona Calvo Serraller, Francisco,
Fechas asociadas al nombre 1948-2018
9 (RLIN) 235031
710 2# - ENTRADA AGREGADA--NOMBRE DE ENTIDAD CORPORATIVA
Nombre de entidad corporativa o nombre de jurisdicción como elemento de entrada Centro de Estudios Dalinianos.
9 (RLIN) 147282
710 2# - ENTRADA AGREGADA--NOMBRE DE ENTIDAD CORPORATIVA
Nombre de entidad corporativa o nombre de jurisdicción como elemento de entrada Fundación Gala-Dalí.
9 (RLIN) 143642
830 0# - PUNTO DE ACCESO ADICIONAL DE SERIE-TÍTULO UNIFORME
Título uniforme Obra literaria completa ;
Designación de volumen o secuencia 7
9 (RLIN) 191031
852 ## - LOCALIZACIÓN
Ubicación ES-MaACL
Número de control de estantería P-2003
Nota libre . - Enc. tela malva
Holdings
Estatus retirado Estado de pérdida Estado de daño No para préstamo Biblioteca de origen Biblioteca actual Ubicación en estantería Fecha de adquisición Fuente de adquisición Total de préstamos Signatura topográfica completa Código de barras Visto por última vez Precio de reemplazo Tipo de ítem Koha
        Biblioteca del Ateneo de Madrid Biblioteca del Ateneo de Madrid Depósito 2 29/06/2011     P-2003 1187809 23/02/2023 23/02/2023 Libro impreso